000 00439nam a2200145Ia 4500
008 100204s9999 xx 000 0 und d
082 _b6344
100 _aअभ्यंकर कुसुम
245 _aप्रतिशोध
260 _b"दिलिप प्रकाशन , मुंबई"
_c1982 re
300 _a210
630 _aप्रतिशोध
730 _aप्रतिशोध
942 _cBOOK
999 _c450807
_d450804